000 00638nam a22001937a 4500
003 OSt
005 20221028182911.0
008 221021b |||||||| |||| 00| 0 eng d
040 _cBiblioteca LadoV
082 _a700.74
_bB516b
100 _9239
_aBermudez, Juanita
_ecuradora
245 _aII Bienal de pintura Nicaragüense/
260 _aFrancia
_c1999
_bFundación Ortiz-Gurdian
300 _a93p.
_c33x27cm
650 _2Tesauro de Arte & Arquitectura
_aBIENAL
650 _2Tesauro de Arte & Arquitectura
_aPINTURA
650 _2Tesauro de Arte & Arquitectura
_aNICARAGUA
942 _2ddc
_c1
_h700.74
_iB516b
_n0
999 _c2403
_d2403